Del criterio en medicina : (Record no. 42175)

MARC details
000 -LEADER
campo de control de longitud fija 00954nam a2200229 i 4500
001 - NÚMERO DE CONTROL
campo de control 42175
003 - IDENTIFICADOR DE NÚMERO DE CONTROL
campo de control ES-MaACL
005 - FECHA Y HORA DE LA ÚLTIMA TRANSACCIÓN
campo de control 20230906160549.0
007 - CAMPO FIJO DE DESCRIPCIÓN FÍSICA--INFORMACIÓN GENERAL
campo de control de longitud fija t|
008 - DATOS DE LONGITUD FIJA--INFORMACIÓN GENERAL
campo de control de longitud fija 030312s1849 sp ||||1| spa d
080 ## - NÚMERO DE LA CLASIFICACIÓN DECIMAL UNIVERSAL
Número de la Clasificación Decimal Universal 616-071
100 1# - ENTRADA PRINCIPAL--NOMBRE DE PERSONA
Nombre de persona Castelló y Tagell, Juan.
9 (RLIN) 36569
245 10 - MENCIÓN DEL TÍTULO
Título Del criterio en medicina :
Resto del título discurso que para inaugurar las sesiones de la Academia de Medicina y Cirujía [sic] de Castilla la Nueva, pronunció el día 10 de febrero de 1849, su socio de número el Dr. D. Juan Castelló y Tagell.
260 ## - PUBLICACIÓN, DISTRIBUCIÓN, ETC.
Lugar de publicación, distribución, etc. Madrid :
Nombre del editor, distribuidor, etc. Imp., Fundición y Librería de E. Aguado,
Fecha de publicación, distribución, etc. 1849.
300 ## - DESCRIPCIÓN FÍSICA
Extensión 44 p. ;
Dimensiones 21 cm.
530 ## - NOTA DISPONIBLE DE FORMULARIO FÍSICO ADICIONAL
Nota de formato físico adicional disponible Disponible en formato digital.
650 #4 - PUNTO DE ACCESO ADICIONAL DE MATERIA--TÉRMINO DE MATERIA
Término de materia o nombre geográfico como elemento de entrada Diagnóstico.
9 (RLIN) 11851
710 2# - ENTRADA AGREGADA--NOMBRE DE ENTIDAD CORPORATIVA
Nombre de entidad corporativa o nombre de jurisdicción como elemento de entrada Academia de Medicina y Cirugía de Castilla la Nueva.
9 (RLIN) 1188
852 4# - LOCALIZACIÓN
Ubicación ES-MaACL
Número de control de estantería T-6-F-8
852 4# - LOCALIZACIÓN
Ubicación ES-MaACL
Número de control de estantería T-34-F-13
856 4# - LOCALIZACIÓN Y ACCESO ELECTRÓNICOS
Identificador Uniforme de Recursos <a href="http://bdh-rd.bne.es/viewer.vm?id=0000059478&page=1 ">http://bdh-rd.bne.es/viewer.vm?id=0000059478&page=1 </a>
Nota pública Biblioteca Digital Hispánica
Holdings
Estatus retirado Estado de pérdida Estado de daño No para préstamo Colección Biblioteca de origen Biblioteca actual Ubicación en estantería Fecha de adquisición Fuente de adquisición Total de préstamos Signatura topográfica completa Código de barras Visto por última vez Precio de reemplazo Tipo de ítem Koha
        Colección de folletos Biblioteca del Ateneo de Madrid Biblioteca del Ateneo de Madrid Depósito folletos 24/11/2022     T-34-F-13 1204777 23/02/2023 23/02/2023 Folleto
        Colección de folletos Biblioteca del Ateneo de Madrid Biblioteca del Ateneo de Madrid Depósito folletos 17/01/2008     T-6-F-8 1044388 23/02/2023 23/02/2023 Folleto